| 000 | 01688cam a22004334i 4500 | ||
|---|---|---|---|
| 003 | PE-LiUPU | ||
| 005 | 20250731172906.0 | ||
| 008 | s b 001 0 eng d | ||
| 020 | _a0802872794 | ||
| 020 | _a9780802872791 | ||
| 035 | _a(Sirsi) a166568 | ||
| 040 |
_aPE-LiUPU _bspa _cPE-LiUPU _erda |
||
| 049 | _aPRUA | ||
| 082 | 0 | 4 |
_a229.913 _bC75 _223 |
| 100 | 1 |
_aCollins, John J., _eautor. |
|
| 245 | 1 | 2 |
_aThe apocalyptic imagination : _ban introduction to Jewish apocalyptic literature / _cJohn J. Collins. |
| 264 |
_aGrand Rapids, Michigan : _bWilliam B. Eerdmans Publishing Company, _c2016. |
||
| 300 |
_a442 páginas ; _c24 centimetros. |
||
| 336 |
_atext _2rdacontent |
||
| 337 |
_aunmediated _2rdamedia |
||
| 338 |
_avolume _2rdacarrier |
||
| 505 | 0 | 4 | _aThe apocalyptic genre -- The early Enoch literature -- Daniel -- Related genres: oracles and testaments -- The Dead Sea Scrolls -- The Similitudes of Enoch -- After the fall: 4 Ezra, 2 Baruch, and the Apocalypse of Abraham -- Apocalyptic literature from the diaspora in the Roman period -- Apocalypticism in early Christianity. |
| 526 | _aSEG42 | ||
| 526 | _aSEG41 | ||
| 526 | _aSEG40 | ||
| 526 | _aSEG39 | ||
| 526 | _aP94 | ||
| 526 | _aP87 | ||
| 526 | _aP86 | ||
| 526 | _aP85 | ||
| 526 | _aP77 | ||
| 526 | _aP76 | ||
| 526 | _aP35 | ||
| 650 | 0 | 4 |
_aLiteratura apocalíptica _94002 |
| 596 | _a1 | ||
| 942 |
_2ddc _cBOOK |
||
| 999 |
_a229.913 C75 _wLC _c15311 _i75290 _d15311 _f2021-11-9 _g5 _lCCODEBUL1 _mBUL _p22.61 _q1 _r0 _sY _tBOOK _u2017-1-26 _xTEOLOGIA _PP85 _0COMPRA _o.STAFF. Colección Teología |
||
| 980 |
_81 _gALBERTO SANCHEZ Responsable de Automatización |
||